Ad Lucilium epistulae morales /

Bibliographic Details
Main Author: Seneca, Lucius Annaeus, approximately 4 B.C.-65 A.D
Other Authors: Gummere, Richard M. (Richard Mott), 1883-
Format: Book
Language:English
Latin
Published: Cambridge, Mass. : Harvard University Press, 1967-1971.
Series:Loeb classical library ; no. 75-77.

MARC

Tag First Indicator Second Indicator Subfields
LEADER 00000cam a2200000 4500
001 in00000613366
005 20151015050155.0
008 720517m19671971mau b 00100 eng d
035 |a (OCoLC)00310644 
035 |9 ACS8573AM 
040 |c WSU  |d OCL  |d TXA  |d UtOrBLW 
041 0 |a eng  |a lat 
049 |a TXAM  |v 1 [1401259]  |v 2 [1401260]  |v 3 [1401261] 
090 |a PA6156.S4  |b E6 1967 
100 1 |a Seneca, Lucius Annaeus,  |d approximately 4 B.C.-65 A.D. 
245 1 0 |a Ad Lucilium epistulae morales /  |c with an English translation by Richard M. Gummere. 
264 1 |a Cambridge, Mass. :  |b Harvard University Press,  |c 1967-1971. 
300 |a 3 volumes ;  |c 17 cm. 
336 |a text  |b txt  |2 rdacontent 
337 |a unmediated  |b n  |2 rdamedia 
338 |a volume  |b nc  |2 rdacarrier 
490 1 |a The Loeb classical library. [Latin authors] ;  |v [no.75-77] 
500 |a Volume 1 has imprint: London, W. Heinemann; Cambridge, Mass., Harvard University Press. 
500 |a Latin and English on opposite pages. 
504 |a Bibliography: volume 1, pages xiv-xv. 
700 1 |a Gummere, Richard M.  |q (Richard Mott),  |d 1883- 
830 0 |a Loeb classical library ;  |v no. 75-77. 
999 |a MARS 
999 f f |s e7121772-7df7-3a38-b68f-03d3f80dbac8  |i 6e0130f1-3705-3d1b-9e0d-d5ba063e7bd6  |t 0 
952 f f |p ric  |a Texas A&M University  |b Rellis Campus  |c Joint Library Facility  |s JLF  |d Remote Storage  |t 0  |e PA6156.S4 E6 1967  |h Library of Congress classification  |i unmediated -- volume  |k v.3  |m A14803554102 
952 f f |p ric  |a Texas A&M University  |b Rellis Campus  |c Joint Library Facility  |s JLF  |d Remote Storage  |t 0  |e PA6156.S4 E6 1967  |h Library of Congress classification  |i unmediated -- volume  |k v.2  |m A14803554097 
952 f f |p ric  |a Texas A&M University  |b Rellis Campus  |c Joint Library Facility  |s JLF  |d Remote Storage  |t 0  |e PA6156.S4 E6 1967  |h Library of Congress classification  |i unmediated -- volume  |k v.1  |m A14803554089 
998 f f |a PA6156.S4 E6 1967  |s v.1-v.3  |t 0  |l Remote Storage